| 000 | 00597nam a2200169 4500 | ||
|---|---|---|---|
| 001 | 120623 | ||
| 003 | ES-MaACL | ||
| 005 | 20230906191604.0 | ||
| 007 | t| | ||
| 008 | 070214s1967 sp r ||||1| spa d | ||
| 100 | 1 |
_aPozo, Florencio del. _993536 |
|
| 245 | 1 | 0 |
_aDepósitos cilíndricos circulares / _cFlorencio del Pozo. |
| 260 |
_aMadrid : _bLaboratorio Central de Ensayo de Materiales de Construcción, _c1967. |
||
| 300 |
_a62 p. ; _c27 cm + _e20 gráf. pleg. |
||
| 710 | 2 |
_aLaboratorio Central de Ensayo de Materiales de Construcción (Madrid) _95471 |
|
| 852 |
_aES-MaACL _jC-33925 _bR.64840 |
||
| 999 |
_c120623 _d120623 |
||